000 00335nam a2200109Ia 4500
008 171204s9999 xx 000 0 und d
245 _aResearch Handbook on Electronic Commerce Law:
245 _cJohn A. Rothchild
260 _c2016
650 _xE-Business/Multimedia Solutions
856 _uhttp://down.ebook777.com/032/1783479914.pdf
999 _c347146
_d347146